| 000 | 00533nam a22001577a 4500 | ||
|---|---|---|---|
| 999 |
_c94736 _d94736 |
||
| 005 | 20191126123713.0 | ||
| 008 | 150708b xxu||||| |||| 00| 0 eng d | ||
| 022 | _a0976-545X | ||
| 082 | _a330 | ||
| 245 | _aJournal of technology management for growing economies | ||
| 260 |
_aChandigarh _bChitkara University Publication _c2017- |
||
| 300 |
_av. _c28cm |
||
| 310 | _aBi-annually | ||
| 270 |
_bChandigarh _e160009 _aSaraswati Kendra,SCO 160-161 , Sector 9 C,Post Box No 70, _dIndia |
||
| 942 |
_2ddc _cSR _s1 _h330 _mJOU |
||